Mathematical Physics (Record no. 60967)
[ view plain ]
| 000 -LEADER | |
|---|---|
| fixed length control field | 00458nam a22001937a 4500 |
| 005 - DATE & TIME | |
| control field | 20260602163720.0 |
| 008 - FIXED-LENGTH DATA ELEMENTS--GENERAL INFORMATION | |
| fixed length control field | 260602b |||||||| |||| 00| 0 eng d |
| 020 ## - ISBN | |
| International Standard Book Number | 9789354535062 |
| Price | 895.00 |
| 040 ## - CATALOGING SOURCE | |
| Original cataloging agency | Doon University |
| 041 ## - Language | |
| Language | English |
| 082 ## - DDC NUMBER | |
| Classification number | 530.15 |
| Book Number | GUP |
| 100 ## - MAIN ENTRY--PERSONAL NAME | |
| Personal name | Gupta, B.D. |
| 245 ## - TITLE STATEMENT | |
| Title | Mathematical Physics |
| 250 ## - EDITION STATEMENT | |
| Edition statement | 4th |
| 260 ## - PUBLICATION, DISTRIBUTION, ETC. (IMPRINT) | |
| Place of publication, distribution, etc | Noida |
| Name of publisher, distributor, etc | Vikas |
| Date of publication, distribution, etc | 2022 |
| 300 ## - PHYSICAL DESCRIPTION | |
| Pages | V.P. |
| 650 ## - Subject | |
| Subject | Physics (PM USHA) |
| 942 ## - ADDED ENTRY ELEMENTS (KOHA) | |
| Koha item type | Books |
| 100 ## - MAIN ENTRY--PERSONAL NAME | |
| -- | 14996 |
| 650 ## - Subject | |
| -- | 26699 |
| 952 ## - LOCATION AND ITEM INFORMATION (KOHA) | |
| -- | 2026-06-02 |
| 952 ## - LOCATION AND ITEM INFORMATION (KOHA) | |
| -- | 2026-06-02 |
| 952 ## - LOCATION AND ITEM INFORMATION (KOHA) | |
| -- | 2026-06-02 |
| Withdrawn status | Lost status | Source of classification or shelving scheme | Damaged status | Not for loan | Location (home branch) | Sublocation or collection (holding branch) | Date acquired | Koha full call number | Accession No. | Koha date last seen | Koha item type | Koha issues (times borrowed) |
|---|---|---|---|---|---|---|---|---|---|---|---|---|
| Not For Loan | Doon University | Doon University | 02.06.2026 | 530.15 GUP | 33254 | 02.06.2026 | Reference | |||||
| Doon University | Doon University | 02.06.2026 | 530.15 GUP | 33255 | 02.06.2026 | Books | ||||||
| Doon University | Doon University | 02.06.2026 | 530.15 GUP | 33256 | 02.06.2026 | Books |